[Event "Bad Griesbach Seniors op 4th"]
[Site "Bad Griesbach"]
[Date "2002.01.10"]
[Round "5"]
[White "Breitfuss, Joachim"]
[Black "Letzel, Lieselotte"]
[Result "1-0"]
[WhiteElo "1396"]
[BlackElo "1302"]
[PlyCount "55"]
[EventDate "2002.01.06"]
[EventType "swiss"]
[EventRounds "7"]
[EventCountry "GER"]
[SourceTitle "EXT 2006"]
[Source "ChessBase"]
[SourceDate "2005.11.24"]
[SourceVersion "1"]
[SourceVersionDate "2005.11.24"]
[SourceQuality "1"]

1. d4 d5 2. c4 e6 3. Nf3 Nf6 4. Bg5 Be7 5. e3 0-0 6. Nc3 h6 7. Bf4 Nbd7 8. cxd5 exd5 9. h3 c6 10. Bd3 Qb6 11. Qc2 a6 12. 0-0 c5 13. Na4 Qa7 14. dxc5 Nxc5 15. Nxc5 Bxc5 16. Rac1 Be7 17. Rfd1 Be6 18. Nd4 Rac8 19. Qd2 Ne4 20. Qe1 Rxc1 21. Rxc1 Nc5 22. Bb1 Bf6 23. Bd6 Rc8 24. b4 Bxd4 25. exd4 Ne4 26. Rxc8+ Bxc8 27. Bc5 Nxc5 28. Qe8# 1-0

[Event "Bad Griesbach Seniors op 4th"]
[Site "Bad Griesbach"]
[Date "2002.01.09"]
[Round "4"]
[White "Letzel, Eberhard"]
[Black "Letzel, Lieselotte"]
[Result "1/2-1/2"]
[WhiteElo "1609"]
[BlackElo "1302"]
[PlyCount "53"]
[EventDate "2002.01.06"]
[EventType "swiss"]
[EventRounds "7"]
[EventCountry "GER"]
[SourceTitle "EXT 2006"]
[Source "ChessBase"]
[SourceDate "2005.11.24"]
[SourceVersion "1"]
[SourceVersionDate "2005.11.24"]
[SourceQuality "1"]

1. e4 e5 2. Nf3 Nc6 3. Bb5 Bc5 4. 0-0 Nf6 5. Bxc6 dxc6 6. Nxe5 0-0 7. d3 Re8 8. Nc4 Be6 9. Be3 Bxe3 10. Nxe3 Qd7 11. f4 Qd4 12. Qd2 Qxb2 13. Nc3 b5 14. Rfb1 Qa3 15. f5 Bc8 16. Rb3 Qe7 17. Qf2 a5 18. a4 b4 19. Ncd1 Ba6 20. Nb2 Qe5 21. Rc1 Nd7 22. Nbc4 Bxc4 23. Nxc4 Qe7 24. Qf4 Nc5 25. Rbb1 Nxa4 26. Ra1 Nc3 27. Re1 1/2-1/2

[Event "Bayern-ch Seniors 12th"]
[Site "Schloss Schney"]
[Date "2000.??.??"]
[Round "8"]
[White "Karol, Wolfgang"]
[Black "Letzel, Lieselotte"]
[Result "1/2-1/2"]
[WhiteElo "1682"]
[BlackElo "1236"]
[PlyCount "27"]
[EventDate "2000.11.02"]
[EventType "swiss"]
[EventRounds "9"]
[EventCountry "GER"]
[SourceTitle "EXT 2002"]
[Source "ChessBase"]
[SourceDate "2001.11.25"]
[SourceVersion "1"]
[SourceVersionDate "2001.11.25"]
[SourceQuality "1"]

1. d4 d5 2. Nc3 e6 3. e4 dxe4 4. Nxe4 Nd7 5. Nf3 Be7 6. Bd3 Ngf6 7. Nxf6+ Nxf6 8. h3 0-0 9. Bf4 b6 10. Ne5 Bb7 11. f3 c5 12. dxc5 Bxc5 13. Qe2 Qd4 14. Bc1 1/2-1/2